Statistiken für Stadt zu Land #5

Klicken Sie hier um das Quiz zu spielen!

Allgemein

  • Dieses Quiz wurde 216 mal gespielt
  • Das Durchschnittsergebnis liegt bei 11 aus 15

Antwortstatistiken

StadtLand% Korrekt
IzmirTürkei
97%
GöteborgSchweden
96%
AustinVereinigte Staaten
95%
AdelaideAustralien
90%
AberdeenVereinigtes Königreich
90%
CaracasVenezuela
89%
ÅlesundNorwegen
83%
GentBelgien
80%
BissauGuinea-Bissau
75%
JerevanArmenien
74%
ValladolidSpanien
65%
AlmatyKasachstan
51%
AhmedabadIndien
45%
AbidjanElfenbeinküste
41%
AkureyriIsland
19%

Verteilung der Resultate

Perzentil nach korrekt beantworteten Fragen

Anzahl Personen mit jedem Resultat

Ihre Resultats-Entwicklung

Sie haben dieses Quiz noch nicht gespielt